Statistiques concernant Pays vainqueur de l'Open d'Australie

Cliquez ici pour prendre le quiz!

Statistiques générales

  • Ce quiz a été pris 84 fois
  • Le résultat moyen est 11 sur 15

Statistiques - réponses

Nombre de titresPays% Correct
50Australie
99%
18Etats-Unis
99%
2Espagne
96%
9Serbie
96%
7Suisse
95%
5Royaume-Uni
93%
1France
92%
6Suède
88%
2Allemagne
87%
2Russie
87%
2Argentine
73%
2Nouvelle-Zélande
52%
1Afrique du Sud
31%
2Tchécoslovaquie
31%
1République Tchèque
29%

Distribution des résultats

Percentile par nombre de réponses

% des personnes avec chaque résultat

Votre développement - résultats

Vous n’avez pas pris ce quiz